Normal view
MARC view
- Ideas For Your Small Business
Entry Topical Term
001 - CONTROL NUMBER
- control field: 112329
003 - CONTROL NUMBER IDENTIFIER
- control field: NUST
005 - DATE AND TIME OF LATEST TRANSACTION
- control field: 20230515163425.0
008 - FIXED-LENGTH DATA ELEMENTS
- fixed length control field: 230515|| aca||aabn | a|a d
040 ## - CATALOGING SOURCE
- Original cataloging agency: NUST
- Transcribing agency: NUST
150 ## - HEADING--TOPICAL TERM
- Topical term or geographic name entry element: Ideas For Your Small Business
670 ## - SOURCE DATA FOUND
- Source citation: Work cat.: (NUST)594692: Applegate, Jane 63808, 201 Great Ideas For Your Small Business, 1998.
